| 000 | 00382pab a2200157 454500 | ||
|---|---|---|---|
| 008 | 180718b2006 xxu||||| |||| 00| 0 eng d | ||
| 100 | _aLim, Robyn | ||
| 245 | _aJapan spirals into insecurity | ||
| 260 | _c2006 | ||
| 300 | _ap.17-22. | ||
| 362 | _aSep | ||
| 650 | _aState security - Japan | ||
| 650 | _aState security | ||
| 773 | _aFar Eastern Economic Review | ||
| 909 | _a71707 | ||
| 999 |
_c71707 _d71707 |
||